000 00589nam a2200229 a 4500
001 nice12345678
003 IN_TiNIC
005 20260116011919.0
008 050524s0000 lona grp 000 0 eng
020 _a0856644
_c599.65
082 0 0 _a297.55
_bSAR
100 _aSardar, Ziauddin
245 _aHajj Studies Vol.1
260 _aLondon
_bCroom Helm
_c0000
300 _a168p
500 _aincludes index and biblioraphy
505 2 _aIllus. Bibliography Notes, Indes
650 _aMuslim Pilgrims and Pilgrimages-Sau
902 _bSRS
942 _cBK
999 _c4893
_d4893